Statistics for Knighton's: so you think you're British?

Click here to take the quiz!

General Stats

  • This quiz has been taken 676 times
    (664 since last reset)
  • The average score is 10 of 15

Answer Stats

HintAnswer% Correct
River flowing through capitalThames
94%
Capital of WalesCardiff
93%
William and Kate, Duke and Duchess of _________Cambridge
87%
Colour of seats in the House of CommonsGreen
84%
Year England won the football world cup1966
82%
Traditional name for guard of Tower of LondonBeefeater
76%
Coronation Street cityManchester
73%
Great fire of London year1666
71%
King Henry VIII second wifeAnne Boleyn
68%
1993 Prime MinisterJohn Major
67%
Lancaster symbolRed rose
65%
Actor playing 10th Doctor WhoDavid Tennant
62%
Lead singer of the Stone rosesIan Brown
30%
Clifford's tower locationYork
26%
Scottish Parliament nameHolyrood
25%

Score Distribution

Percentile by Number Answered

Percent of People with Each Score

Your Score History

You have not taken this quiz since the last reset